Sprievodca štúdiom na Fakulte aplikovaných jazykov Ekonomickej univerzity v Bratislave akademický rok 2016/2017

Uložené v:
Podrobná bibliografia
Korporativný autor: Ekonomická univerzita v Bratislave. Fakulta aplikovaných jazykov
Ďalší autori: Stradiotová, Eva, 1963-, Čajkovičová, Jana, 1964-
Médium: Kniha
Jazyk:Slovak
Vydavateľské údaje: Bratislava Vydavateľstvo EKONÓM 2016
Vydanie:1. vyd.
Predmet:
Tagy: Pridať tag
Žiadne tagy, Buďte prvý, kto otaguje tento záznam!

MARC

LEADER 00000nam$a2200000$$$4500
001 0222017
005 20240502073635.0
020 |a 978-80-225-4270-8 
041 0 |a slo 
044 |a SK 
245 1 0 |a Sprievodca štúdiom na Fakulte aplikovaných jazykov Ekonomickej univerzity v Bratislave  |b akademický rok 2016/2017  |c zostavili: Eva Stradiotová, Jana Čajkovičová 
250 |a 1. vyd. 
264 1 |a Bratislava  |b Vydavateľstvo EKONÓM  |c 2016 
300 |a 111 s. 
610 2 0 |a programy študijné 
610 2 0 |a plán učebný 
610 2 0 |a univerzity 
610 2 0 |a vzdelávanie vysokoškolské 
610 2 0 |a štruktúra organizačná 
700 1 |a Stradiotová, Eva, 1963- 
700 1 |a Čajkovičová, Jana, 1964- 
710 2 |a Ekonomická univerzita v Bratislave. Fakulta aplikovaných jazykov